Diseño de una columna de absorción para la neutralización del gas clorpirifos etil en la producción de películas plásticas para fundas de banano en Planta 2 de la Empresa Yanber S.A
Zapisane w:
| 1. autor: | |
|---|---|
| Format: | Książka |
| Język: | Spanish |
| Wydane: |
San Pedro, [Montes de Oca, San José, Costa Rica]
2013
|
| Hasła przedmiotowe: | |
| Etykiety: |
Dodaj etykietę
Nie ma etykietki, Dołącz pierwszą etykiete!
|
MARC
| LEADER | 00000nam a22000007a 4500 | ||
|---|---|---|---|
| 003 | 011950 | ||
| 005 | 20221231143859.0 | ||
| 008 | 150309b2013 cr a|||| |||| 00| 0 spa d | ||
| 040 | |c cru CEDI | ||
| 090 | |a TFG 7116 | ||
| 100 | |9 383 |a Alvarado Corella, José Javier | ||
| 245 | |a Diseño de una columna de absorción para la neutralización del gas clorpirifos etil en la producción de películas plásticas para fundas de banano en Planta 2 de la Empresa Yanber S.A | ||
| 260 | |a San Pedro, [Montes de Oca, San José, Costa Rica] |c 2013 | ||
| 500 | |a Proyecto de graduación (licenciatura en ingeniería química)--Universidad de Costa Rica. Facultad de Ingeniería. Escuela de Ingeniería Química | ||
| 650 | |x EXTRACCION DE GAS - DISEÑO |x EXTRACCION DE GAS - EQUIPO Y ACCESORIOS |x CLORPIRIFOS |x GASES - ABSORCION Y ADSORCION |x NEUTRALIZACION (QUIMICA) |x EQUIPOS DE TRATAMIENTO DE GASES |9 384 | ||
| 942 | |c TFG | ||
| 999 | |c 13665 |d 13665 | ||
